[Event "2nd Hampstead Under 2200 Congress November 2012"]
[Site "London, England"]
[Date "2012.11.24"]
[Round "1"]
[White "Pein,Jonathan"]
[Black "Lyell,Mark"]
[Result "0-1"]
[WhiteElo "1854"]
[BlackElo "2194"]

1.e4 e5 2.Nf3 Nc6 3.Bb5 f5 4.d4 fxe4 5.Nxe5 Nxe5 6.dxe5 c6 7.Nc3 cxb5 8.Nxe4
d5 9.exd6 Nf6 10.Bg5 Qa5+ 11.Bd2 b4 12.Qe2 Qe5 13.Nxf6+ gxf6 14.Qxe5+ fxe5
15.Bxb4 Rg8 16.O-O-O Bh6+ 17.Kb1 Rxg2 18.Rhe1 Bf4 19.Bc3 Be6 20.Bxe5 Bxe5
21.Rxe5 Kd7 22.c4 Rf8 23.f4 Rxh2 24.f5 Bxf5+ 25.Ka1 Rf7 26.a3 Bc2 27.Rde1 Kxd6
28.c5+ Kd7 {#R} 0-1

[Event "2nd Hampstead Under 2200 Congress November 2012"]
[Site "London, England"]
[Date "2012.11.24"]
[Round "1"]
[White "Eden,Tomer"]
[Black "Giles,Yasmin"]
[Result "1-0"]
[WhiteElo "2178"]
[BlackElo "1827"]

1.d4 d5 2.Nf3 Nf6 3.c4 c6 4.Qc2 dxc4 5.e4 Bg4 6.Bxc4 e6 7.Be3 Nbd7 8.Nbd2 Be7
9.O-O Qc7 10.h3 Bh5 11.g4 Bg6 12.Ne5 Bd6 13.f4 Bxe5 14.dxe5 Nxe5 15.fxe5 Qxe5
16.Nf3 Qg3+ 17.Qg2 Qxg2+ 18.Kxg2 Bxe4 19.Bd4 Rg8 20.Rae1 Bg6 21.Ne5 Nd7
22.Nxg6 hxg6 23.Bxe6 fxe6 24.Rxe6+ Kd8 25.Rxg6 Kc7 26.Rf7 Raf8 27.Rgxg7 Rxg7
28.Rxg7 b6 29.h4 Re8 30.h5 Kc8 31.h6 Kc7 32.h7 Kd6 33.Rg8 Rxg8 34.hxg8=Q Kc7
35.Qe6 c5 36.Be5+ Nxe5 37.Qxe5+ Kb7 38.g5 Kc8 39.Qe7 Kb8 40.g6 c4 41.g7 c3
42.g8=R# {#r} 1-0

[Event "2nd Hampstead Under 2200 Congress November 2012"]
[Site "London, England"]
[Date "2012.11.24"]
[Round "1"]
[White "Lees,Fraser"]
[Black "Atako,Chino"]
[Result "0-1"]
[WhiteElo "1825"]
[BlackElo "2110"]

1.e4 c5 2.Nc3 g6 3.f4 Bg7 4.Nf3 Nc6 5.Bb5 Nd4 6.Nxd4 cxd4 7.Ne2 e6 8.O-O Qb6
9.Bd3 Nf6 10.Ng3 d5 11.e5 Nd7 12.a4 a5 13.b3 Nc5 14.Bb5+ Bd7 15.Bxd7+ Kxd7
16.d3 Na6 17.Bb2 Nb4 18.Ne2 Nc6 19.Qe1 f6 20.Qh4 Raf8 21.Ba3 Rf7 22.f5 exf5
23.e6+ Kxe6 24.Nf4+ Kd7 25.Nxd5 Qa7 26.g4 h5 27.gxf5 g5 28.Qg3 Ne5 29.Rae1 h4
30.Qg2 Kc8 31.Rxe5 fxe5 32.f6 Bf8 33.Qg4+ Kb8 34.Qe6 Bxa3 35.Qxf7 Qc5 36.Rf2
Rd8 37.Ne7 Qc3 38.Qh5 Bc1 39.Re2 Be3+ 40.Kg2 Qa1 41.Rxe3 dxe3 42.Qe2 Qc3
43.Nf5 Rf8 44.Nxe3 Rxf6 45.Nc4 Qd4 46.Nxa5 Qf4 47.Nc4 h3+ 48.Kg1 Qc1+ {#R} 0-1

[Event "2nd Hampstead Under 2200 Congress November 2012"]
[Site "London, England"]
[Date "2012.11.24"]
[Round "1"]
[White "Coates,David"]
[Black "O'Gorman,Brendan"]
[Result "1/2-1/2"]
[WhiteElo "2085"]
[BlackElo "1796"]

1.d4 d5 2.c4 c6 3.Nf3 Nf6 4.Nc3 dxc4 5.a4 Bf5 6.Ne5 Nbd7 7.Nxc4 Nb6 8.Ne5 a5
9.f3 Nfd7 10.Nxd7 Qxd7 11.e4 Bg6 12.Be3 Qc7 13.Qb3 e5 14.dxe5 Bb4 15.Rc1 O-O
16.Kf2 Nd7 17.Nd5 Qxe5 18.Nxb4 axb4 19.Qxb4 Qc7 20.Be2 f5 21.exf5 Bxf5 22.Bf4
Qb6+ 23.Qxb6 Nxb6 24.b3 Be6 25.Be3 Nd5 26.Bc4 b5 27.Bxd5 Bxd5 28.axb5 cxb5
29.Rc5 Bxb3 30.Rxb5 Bf7 31.Rd1 Rfd8 32.Rdb1 Ra2+ 33.Kg3 h6 34.Rb8 Rxb8
35.Rxb8+ Kh7 36.Rb7 Kg8 37.Bd4 Rd2 38.Bb2 Re2 39.h4 Rd2 40.Kh3 Rf2 41.Bd4 Rd2
42.Be5 Re2 43.Bb2 Rf2 44.Kg3 Rd2 45.Ba1 Ra2 46.Bb2 Ra4 47.Rb8+ Kh7 48.Rf8 Ra7
49.Rb8 Re7 50.Kf4 Re2 51.Kg3 Rd2 52.Rb7 {#d} 1/2-1/2

[Event "2nd Hampstead Under 2200 Congress November 2012"]
[Site "London, England"]
[Date "2012.11.24"]
[Round "1"]
[White "Haridas,Girinath"]
[Black "Bonafont,Philip"]
[Result "0-1"]
[WhiteElo "1765"]
[BlackElo "2072"]

1.d4 d5 2.c4 dxc4 3.e4 e5 4.Nf3 exd4 5.Qxd4 Qxd4 6.Nxd4 Nf6 7.Nc3 Bc5 8.Be3
Ng4 9.Bxc4 Nxe3 10.fxe3 O-O 11.O-O Nc6 12.Rad1 Bg4 13.Rd2 Rad8 14.Nd5 Ne5
15.Bb3 c6 16.Nc3 Bb6 17.Kh1 c5 18.Nf3 Bxf3 19.Rxd8 Rxd8 20.gxf3 c4 21.Bd1 Bxe3
22.Nd5 Bd4 23.b3 c3 24.Bc2 Kf8 25.Kg2 Nc6 26.Rd1 b5 27.Rd3 b4 28.f4 f5 29.Rh3
fxe4 30.Bxe4 Rxd5 31.Bxd5 c2 32.Bxc6 c1=Q 33.Be4 Qg1+ 34.Kf3 Qe3+ 35.Kg4 Qxe4
{#R} 0-1

[Event "2nd Hampstead Under 2200 Congress November 2012"]
[Site "London, England"]
[Date "2012.11.24"]
[Round "1"]
[White "Warman,Simon"]
[Black "Georgiev,Ivan"]
[Result "1-0"]
[WhiteElo "2071"]
[BlackElo "1764"]

1.e4 c5 2.f4 e6 3.Nf3 Nf6 4.Nc3 Nc6 5.Bb5 Nd4 6.Ba4 b5 7.Nxb5 Nxb5 8.Bxb5 Nxe4
9.Qe2 Nd6 10.Ba4 Qa5 11.b3 Be7 12.Bb2 O-O 13.O-O c4 14.Qe5 Qxe5 15.fxe5 Nb7
16.bxc4 Nc5 17.Bb3 a5 18.d4 a4 19.dxc5 Bxc5+ 20.Bd4 Be7 21.Nd2 d6 22.exd6 Bf6
23.Bxf6 gxf6 24.c5 axb3 25.axb3 Bb7 26.b4 {#r} 1-0

[Event "2nd Hampstead Under 2200 Congress November 2012"]
[Site "London, England"]
[Date "2012.11.24"]
[Round "1"]
[White "Pattni,Kishan"]
[Black "Hall, Dave"]
[Result "1-0"]
[WhiteElo "1733"]
[BlackElo "2010"]

1.b3 d5 2.Bb2 Nf6 3.f4 c5 4.e3 Nc6 5.Bb5 Qb6 6.Bxc6+ Qxc6 7.d3 g6 8.Nf3 Bg7
9.O-O O-O 10.Nbd2 Ng4 11.Bxg7 Nxe3 12.Qe2 Nxf1 13.Bxf8 Nxd2 14.Ne5 Qf6 15.Bh6
Qh4 16.Bg5 Qh5 17.g4 Qh3 18.Bxe7 Kg7 19.g5 Be6 20.Qxd2 Rc8 21.Bf6+ Kg8 22.c4
a6 23.Re1 Qh4 24.Qe3 d4 25.Qf2 Qh5 26.Qf3 Qh4 27.Qg3 Qh5 28.a4 b5 29.axb5 axb5
30.Qf3 Qh4 31.Re2 bxc4 32.Nxc4 Rb8 33.Re5 h5 34.Nd2 Kh7 35.Qg3 {#r} 1-0

[Event "2nd Hampstead Under 2200 Congress November 2012"]
[Site "London, England"]
[Date "2012.11.24"]
[Round "1"]
[White "Prior,Stephen"]
[Black "Jain,Gautam"]
[Result "1-0"]
[WhiteElo "1993"]
[BlackElo "1677"]

1.e4 e5 2.Nf3 Nc6 3.Bb5 a6 4.Ba4 Nf6 5.O-O b5 6.Bb3 Be7 7.Re1 O-O 8.h3 d6 9.c3
Bb7 10.d3 Na5 11.Bc2 c5 12.Nbd2 Re8 13.Nf1 Bf8 14.Bg5 g6 15.N3h2 h6 16.Bh4 g5
17.Bg3 Bg7 18.Ne3 Bc8 19.h4 Nh5 {#r} 1-0

[Event "2nd Hampstead Under 2200 Congress November 2012"]
[Site "London, England"]
[Date "2012.11.24"]
[Round "1"]
[White "Oyama,Haronobu"]
[Black "Rogers,Tim"]
[Result "0-1"]
[WhiteElo "1602"]
[BlackElo "1986"]

1.e4 c6 2.d3 d5 3.Nd2 e5 4.g3 Nf6 5.Bg2 Bd6 6.Ngf3 Bg4 7.h3 Bxf3 8.Qxf3 O-O
9.Nb3 Nbd7 10.Bd2 a5 11.a4 Re8 12.O-O h6 13.Qe2 b6 14.f4 dxe4 15.f5 exd3
16.Qxd3 Qc7 17.g4 Nc5 18.Qe3 Rad8 19.Kh1 Nxb3 20.Qxb3 Bc5 21.Be3 Bxe3 22.Qxe3
e4 23.Rad1 c5 24.Rxd8 Rxd8 25.Bxe4 Qe5 26.Re1 Re8 27.Qb3 Nxe4 28.Kg2 Qf4
29.Qe3 Qxe3 30.Rxe3 Kf8 31.Rb3 Rb8 32.Re3 Nd6 33.Kf3 Nc4 {#R} 0-1

[Event "2nd Hampstead Under 2200 Congress November 2012"]
[Site "London, England"]
[Date "2012.11.24"]
[Round "1"]
[White "Crichton,Martin"]
[Black "Altman,Joshua"]
[Result "1-0"]
[WhiteElo "1976"]
[BlackElo "1570"]

1.e4 c5 2.Nc3 e6 3.g3 Nc6 4.Bg2 Nge7 5.f4 g6 6.Nf3 Bg7 7.d3 d5 8.e5 a6 9.a4
Rb8 10.O-O b5 11.axb5 axb5 12.Ne2 h5 13.Nh4 b4 14.c3 Bb7 15.d4 c4 16.cxb4 Nxb4
17.b3 Ba6 18.Ba3 cxb3 19.Bxb4 Bxe2 20.Bxe7 Qxe7 21.Qxe2 O-O 22.Qb2 Rfc8
23.Rfc1 Qb4 24.Nf3 Rc4 25.Bf1 Rcc8 26.Be2 Ra8 27.Rxa8 Rxa8 28.Bd1 Rb8 29.Rb1
Qc4 30.Bxb3 Qd3 31.Kf2 Bf8 32.Qc2 Qb5 33.Ba2 Qe8 34.Rxb8 Qxb8 35.Bb1 Qb4
36.Qd3 Qb2+ 37.Bc2 Qb6 38.Nh4 Bg7 39.Ke3 Qb2 40.Nf3 Qc1+ 41.Qd2 Qa3+ 42.Kf2
Bf8 43.Ng5 Qe7 44.Qd3 Bh6 45.Nxf7 Qxf7 46.Qxg6+ Qxg6 47.Bxg6 h4 48.Kf3 hxg3
49.hxg3 Kg7 50.Be8 Kf8 51.Bd7 Ke7 52.Bc8 Bg7 53.g4 Kf7 54.f5 exf5 55.gxf5 Bh8
56.Be6+ Ke7 57.Bxd5 Kd7 58.Ke4 Ke7 59.Bc6 Kf7 60.d5 Ke7 61.d6+ Kd8 62.Kd5 Bg7
63.f6 Bf8 64.e6 Bxd6 65.Kxd6 Kc8 66.e7 Kb8 67.e8=Q+ Ka7 68.Qa8+ Kb6 69.Qb7+
{#r} 1-0

[Event "2nd Hampstead Under 2200 Congress November 2012"]
[Site "London, England"]
[Date "2012.11.24"]
[Round "1"]
[White "Anilkumar,Anantha P."]
[Black "Hayward,Alan"]
[Result "0-1"]
[WhiteElo "1561"]
[BlackElo "1947"]

1.e4 d5 2.exd5 Nf6 3.Nc3 c6 4.dxc6 Nxc6 5.Bb5 Bd7 6.Nf3 e5 7.O-O Bd6 8.Re1 O-O
9.Bxc6 bxc6 10.Nxe5 Bxe5 11.Rxe5 Ng4 12.Re2 Qc7 13.g3 Ne5 14.Re3 Ng4 15.Re1
Rae8 16.d4 Rxe1+ 17.Qxe1 Qb6 18.Qd1 Rd8 19.Na4 Qb5 20.Nc5 Bf5 21.Nb3 Ne5 22.a4
Qd5 23.Qh5 Nf3+ 24.Kg2 Nh4+ {#R} 0-1

[Event "2nd Hampstead Under 2200 Congress November 2012"]
[Site "London, England"]
[Date "2012.11.24"]
[Round "1"]
[White "O'Molloy,Eamonnn"]
[Black "Herschmann,Heinz"]
[Result "1-0"]
[WhiteElo "1938"]
[BlackElo "1410"]

1.e4 e5 2.Nf3 d6 3.d4 exd4 4.Nxd4 Be7 5.Nc3 Nf6 6.Bc4 Bd7 7.O-O O-O 8.h3 Nc6
9.Be3 Ne5 10.Bb3 c5 11.Nf3 c4 12.Nxe5 dxe5 13.Bxc4 Bc6 14.Bd5 Bxd5 15.exd5 Bd6
16.Bg5 a6 17.Ne4 h6 18.Nxf6+ gxf6 19.Bxh6 f5 20.Bxf8 Bxf8 21.Qf3 Qd7 22.c4 f6
23.Rfd1 Bd6 24.Rac1 b6 25.Qh5 Qh7 26.Qxh7+ Kxh7 27.a3 a5 28.Rb1 Rc8 29.Rdc1 e4
30.b4 axb4 31.axb4 Bf4 32.Rc2 e3 33.fxe3 Bxe3+ 34.Kf1 Kg6 35.d6 Rd8 36.c5 bxc5
37.bxc5 Bf4 38.Rd1 Be5 39.c6 Bxd6 40.Rxd6 Rxd6 41.c7 {#r} 1-0

[Event "2nd Hampstead Under 2200 Congress November 2012"]
[Site "London, England"]
[Date "2012.11.24"]
[Round "1"]
[White "Byrne,Ken"]
[Black "Lim,Mark"]
[Result "0-1"]
[WhiteElo "1100"]
[BlackElo "1891"]

1.c4 e6 2.g3 Nf6 3.Bg2 d5 4.e3 Be7 5.Nf3 O-O 6.d4 b6 7.b3 Bb7 8.Ba3 Nbd7
9.Bxe7 Qxe7 10.O-O dxc4 11.bxc4 c5 12.Nc3 cxd4 13.Nxd4 Bxg2 14.Kxg2 Qb4 15.Qb3
Qc5 16.Rab1 Rfc8 17.Ncb5 e5 18.Nc2 Qxc4 19.Qxc4 Rxc4 20.Rfc1 a6 21.Nba3 Rc3
22.Rb3 Rac8 23.Rxc3 Rxc3 24.Kf3 Kf8 25.Ke2 Ke7 26.Rb1 b5 27.Rb3 Nd5 28.Kd2
Rxb3 29.axb3 Nc5 30.b4 Ne4+ 31.Ke2 Nec3+ 32.Kd2 f5 33.Ne1 Ne4+ 34.Kd3 Nxb4+
35.Ke2 Kd6 36.f3 Nc5 37.Nac2 Nd5 38.Nd3 a5 39.Nxc5 Kxc5 40.Kd3 Nb4+ 41.Nxb4
Kxb4 42.Kc2 Ka3 43.e4 fxe4 44.fxe4 Ka2 45.Kd3 b4 46.Kc4 b3 47.Kd5 b2 48.Kxe5
b1=Q 49.Kf5 Kb3 50.g4 Kc4 51.g5 Kd4 52.g6 Qxe4+ 53.Kg5 Qxg6+ 54.Kh4 h6 55.h3
Qg5# {#R} 0-1

[Event "2nd Hampstead Under 2200 Congress November 2012"]
[Site "London, England"]
[Date "2012.11.24"]
[Round "1"]
[White "Dixit,Kumar"]
[Black "Smith,Daniel"]
[Result "1-0"]
[WhiteElo "1885"]
[BlackElo "1000"]

1.d4 d5 2.Nf3 Bf5 3.c4 Nf6 4.Nc3 e6 5.Qb3 Nc6 6.Qxb7 Nb4 7.Nb5 a6 8.Nxc7+ Qxc7
9.Qxc7 Nc2+ 10.Kd1 Nxa1 11.Qc6+ Nd7 12.Qxa8+ Ke7 13.cxd5 Kf6 14.Bg5+ Kg6
15.dxe6 Bc2+ 16.Kc1 fxe6 17.Qe8+ Kf5 18.Qf7+ Nf6 19.Bxf6 gxf6 20.Qh5+ Ke4
21.Nd2+ Kxd4 22.e3# 1-0

[Event "2nd Hampstead Under 2200 Congress November 2012"]
[Site "London, England"]
[Date "2012.11.24"]
[Round "2"]
[White "Rogers,Tim"]
[Black "Muter,Donny"]
[Result "0-1"]
[WhiteElo "1986"]
[BlackElo "2199"]

1.e4 d6 2.d4 Nf6 3.Nc3 c6 4.f3 h5 5.Be3 Qc7 6.Qd2 e5 7.Bc4 Be7 8.a4 a5 9.Nge2
Nbd7 10.O-O O-O 11.Bb3 Nb6 12.d5 cxd5 13.Nxd5 Nfxd5 14.exd5 Bf5 15.c4 h4
16.Rfc1 Rfc8 17.Kf2 Qd8 18.Qd1 Bg5 19.Qd2 Bxe3+ 20.Qxe3 Rc5 21.Ba2 Nxa4 22.Bb1
Bxb1 23.Rxa4 Bg6 24.Nc3 Rac8 25.b3 Qb6 26.Ne4 Bxe4 27.fxe4 Qd8 28.Rca1 b5 {#R}
0-1

[Event "2nd Hampstead Under 2200 Congress November 2012"]
[Site "London, England"]
[Date "2012.11.24"]
[Round "2"]
[White "Hayward,Alan"]
[Black "Eden,Tomer"]
[Result "0-1"]
[WhiteElo "1947"]
[BlackElo "2178"]

1.d4 Nf6 2.Nc3 d5 3.Bg5 c6 4.f3 h6 5.Bxf6 exf6 6.e3 Bd6 7.Nge2 O-O 8.Ng3 Re8
9.Kf2 f5 10.f4 Qe7 11.Qf3 g6 12.Bd3 Nd7 13.Rae1 Nf6 14.h3 Ne4+ 15.Kg1 Bb4
16.Bxe4 dxe4 17.Qf2 Bxc3 18.bxc3 Qa3 19.Qd2 Qxa2 20.h4 Be6 21.h5 Kg7 22.hxg6
fxg6 23.Kf2 a5 24.Ra1 Qd5 25.Ra3 a4 26.Rha1 b5 27.Ne2 Qd6 28.Nc1 Rac8 29.Ne2
Bc4 30.Qe1 Qe7 31.g3 h5 32.Ng1 h4 33.Nh3 hxg3+ 34.Kxg3 Rh8 35.Ng5 Rh5 36.Qg1
Rch8 37.d5 cxd5 38.Qd1 Rxg5+ {#R} 0-1

[Event "2nd Hampstead Under 2200 Congress November 2012"]
[Site "London, England"]
[Date "2012.11.24"]
[Round "2"]
[White "Atako,Chino"]
[Black "O'Molloy,Eamonn"]
[Result "1-0"]
[WhiteElo "2110"]
[BlackElo "1938"]

1.e4 c6 2.d4 d5 3.e5 Bf5 4.Nf3 e6 5.Be2 Ne7 6.O-O h6 7.b3 Nd7 8.Nbd2 Bh7 9.c4
c5 10.Bb2 Rc8 11.Rc1 Qa5 12.a3 cxd4 13.Nxd4 Qd8 14.Nb5 Nc6 15.cxd5 exd5 16.Bg4
Bd3 17.Be2 Bxb5 18.Bxb5 Nc5 19.b4 Ne6 20.Qa4 Qb6 21.Rfd1 a6 22.Bf1 Be7 23.Nf3
Qd8 24.Bxa6 Qb6 25.Bf1 O-O 26.Rxd5 Ra8 27.Qd1 Rfd8 28.Rxd8+ Rxd8 29.Qc2 Rd7
30.Rd1 Qd8 31.Rxd7 Qxd7 32.Qd3 Qc7 33.Qc4 Qd7 34.Qd3 Qc7 35.Qe4 Qd7 36.Bd3 g6
37.g3 Ncd8 38.h4 Nf8 39.Kg2 Nde6 40.Nd4 Qd8 41.Nxe6 Nxe6 42.Bc1 Kg7 43.Qe3 h5
44.Be4 b5 45.f4 Nd4 46.Bb2 Ne6 47.Bc6 Qb8 48.Qd3 Qc8 49.Qe4 Qh8 50.Bxb5 Qb8
51.Be2 Qb6 52.Bf3 Qc7 53.Qc6 Qd8 54.Qd5 Qc8 55.Qd3 Bxh4 56.f5 gxf5 57.Qxf5 Bd8
58.Bxh5 Qc2+ 59.Qxc2 {#r} 1-0

[Event "2nd Hampstead Under 2200 Congress November 2012"]
[Site "London, England"]
[Date "2012.11.24"]
[Round "2"]
[White "Bonafont,Philip"]
[Black "Dixit,Kumar"]
[Result "1/2-1/2"]
[WhiteElo "2072"]
[BlackElo "1885"]

1.d4 d5 2.Nf3 Nf6 3.c4 c6 4.Nc3 e6 5.Bg5 dxc4 6.e4 b5 7.e5 h6 8.Bh4 g5 9.exf6
gxh4 10.Ne5 Qxf6 11.g3 Nd7 12.Qe2 Nxe5 13.dxe5 Qd8 14.Bg2 Qb6 15.O-O-O Bb7
16.Ne4 Be7 17.Nd6+ Bxd6 18.Rxd6 hxg3 19.hxg3 Rd8 20.Rhd1 Rxd6 21.Rxd6 Rg8
22.Qh5 Qxf2 23.Rxe6+ Kd7 24.Qd1+ Kc8 25.Re7 Qe3+ 26.Kb1 Qd3+ 27.Qxd3 cxd3
28.Bh3+ Kb8 29.Rxf7 Rxg3 30.e6 Re3 31.Kc1 Bc8 32.e7 Bxh3 33.Rf8+ Kc7 34.e8=Q
Rxe8 35.Rxe8 Bg4 36.Kd2 Be2 37.Re7+ Kb6 38.b4 h5 39.Rh7 a5 40.a3 axb4 41.axb4
Ka6 42.Rh6 {#d} 1/2-1/2

[Event "2nd Hampstead Under 2200 Congress November 2012"]
[Site "London, England"]
[Date "2012.11.24"]
[Round "2"]
[White "Lim,Mark"]
[Black "Warman,Simon"]
[Result "0-1"]
[WhiteElo "1891"]
[BlackElo "2071"]

1.c4 c5 2.g3 Nf6 3.Bg2 g6 4.e3 Bg7 5.Ne2 d6 6.O-O O-O 7.Nbc3 Na6 8.d4 Rb8 9.b3
b6 10.Rb1 Bb7 11.d5 Nc7 12.e4 Ba8 13.h3 a6 14.Be3 Nd7 15.Qd2 b5 16.cxb5 axb5
17.Bh6 b4 18.Na4 Bb7 19.Bxg7 Kxg7 20.Nb2 Nb6 21.Nc4 Nxc4 22.bxc4 Ra8 23.f4 Ra3
24.Rb3 Qa8 25.Qb2+ Kg8 26.Nc1 Qa6 27.Rff3 Rxb3 28.axb3 Ra8 29.e5 Qa1 30.Qd2
dxe5 31.fxe5 Qxe5 32.Nd3 Qd4+ 33.Kh2 Ra1 34.h4 Qg1+ 35.Kh3 Bc8+ 36.g4 h5
37.Re3 Bxg4+ 38.Kg3 Ra2 39.Qxa2 Qxe3+ 40.Kh2 Qxd3 41.Qa5 Qe2 42.Qxc7 Bf3 {#R}
0-1

[Event "2nd Hampstead Under 2200 Congress November 2012"]
[Site "London, England"]
[Date "2012.11.24"]
[Round "2"]
[White "Pattni,Kishan"]
[Black "Prior,Stephen"]
[Result "1/2-1/2"]
[WhiteElo "1733"]
[BlackElo "1993"]

1.b3 e5 2.Bb2 Nc6 3.e4 Nf6 4.Nc3 Bd6 5.Nf3 O-O 6.Bb5 Nd4 7.Nxd4 exd4 8.Ne2
Nxe4 9.Nxd4 Qh4 10.Qf3 Re8 11.Be2 Bf4 12.O-O-O Qg5 13.Bc3 Nxc3 14.Qxc3 Be5
15.Qe3 Qf6 16.c3 Re7 17.Bd3 Bxd4 18.Qxd4 Qxd4 19.cxd4 d5 20.Rde1 Be6 21.Re3
Rae8 22.Rhe1 g6 23.g3 Kg7 24.Bf1 Kf6 25.Re5 c6 26.f4 Rc8 27.b4 Rec7 28.Kb2 a5
29.a3 Ra8 30.Ra1 axb4 31.axb4 Rxa1 32.Kxa1 b6 33.Kb2 Ra7 34.Re3 Ra4 35.Rb3 Bg4
36.Bd3 Bd1 37.Bc2 Bxc2 38.Kxc2 b5 39.g4 h6 40.Kd3 Ke6 41.Ke3 Ra1 42.Kf2 f5
43.h3 Rd1 44.d3 Rh1 45.Kg2 Re1 46.Kf2 Rc1 47.Kf3 fxg4+ 48.hxg4 h5 49.gxh5 gxh5
50.Rb2 Rc3 51.Ke3 Kf5 52.Rg2 Rb3 53.Rg5+ Kf6 54.Rxh5 Kg6 55.Rg5+ Kf6 56.Rh5
Kg6 57.Rh8 Rxb4 58.Rc8 Rb1 59.Rxc6+ Kf5 60.Rc5 Ke6 61.f5+ Kxf5 62.Rxd5+ Ke6
63.Rc5 Kd6 64.Kd2 Rb4 65.Kc3 Rb1 66.Rg5 b4+ 67.Kc2 Ra1 68.Rb5 Ra4 69.Kb3 Ra3+
70.Kxb4 Rxd3 71.Kc4 Rd1 72.Rb6+ Kd7 73.Kd5 Rh1 74.Rb7+ Kc8 75.Re7 Rh6 76.Re6
Rh7 77.Kd6 Rd7+ 78.Ke5 Kc7 79.d5 Rf7 80.d6+ Kd7 81.Rh6 Rg7 82.Kf6 Rg1 83.Ke5
Re1+ 84.Kd4 Rd1+ 85.Kc5 {#d} 1/2-1/2

[Event "2nd Hampstead Under 2200 Congress November 2012"]
[Site "London, England"]
[Date "2012.11.24"]
[Round "2"]
[White "Hall, Dave"]
[Black "Coates,David"]
[Result "0-1"]
[WhiteElo "2010"]
[BlackElo "2085"]

1.d4 Nf6 2.Nf3 g6 3.c4 Bg7 4.Nc3 d6 5.Bg5 h6 6.Bh4 O-O 7.e3 c5 8.Be2 Bf5 9.h3
Ne4 10.Nxe4 Bxe4 11.O-O Nc6 12.Nd2 Bf5 13.e4 Nxd4 14.exf5 Nxf5 15.Nf3 g5
16.Bxg5 hxg5 17.Nxg5 e6 18.Ne4 b6 19.Qd2 Qe7 20.Bd3 Rad8 21.Nc3 Nd4 22.Rae1 f5
23.Nd5 Qh4 24.Qf4 Qxf4 25.Nxf4 e5 26.Nd5 Rd7 27.f3 Kh8 28.b3 Bh6 29.Rf2 Rg7
30.Rb2 Nxf3+ 31.Kf2 Rxg2+ 32.Kxf3 Rxb2 {#R} 0-1

[Event "2nd Hampstead Under 2200 Congress November 2012"]
[Site "London, England"]
[Date "2012.11.24"]
[Round "2"]
[White "O'Gorman,Brendan"]
[Black "Oyama,Akito"]
[Result "0-1"]
[WhiteElo "1796"]
[BlackElo "1866"]

1.e4 c5 2.Ne2 Nc6 3.c4 Nf6 4.Nbc3 e6 5.d4 cxd4 6.Nxd4 d5 7.cxd5 exd5 8.Bb5 Bd7
9.exd5 Nxd4 10.Bxd7+ Qxd7 11.Qxd4 Be7 12.O-O O-O 13.Bf4 Rfd8 14.Rfe1 b6
15.Rad1 Bc5 16.Qd2 b5 17.Bg5 Bb4 18.Qd4 Bxc3 19.bxc3 Qd6 20.Bxf6 gxf6 21.Qg4+
Kh8 22.Qh5 Rd7 23.Re3 Rg8 24.Qe2 a6 25.Re8 Rxe8 26.Qxe8+ Kg7 27.Rd3 Re7
28.Rg3+ Qxg3 29.Qxe7 Qxc3 30.h3 Qa1+ 31.Kh2 Qe5+ 32.Qxe5 fxe5 33.Kg3 Kf6
34.Kf3 Ke7 35.Ke4 Kd6 36.g4 a5 37.g5 b4 38.h4 a4 39.h5 b3 40.axb3 a3 {#R} 0-1

[Event "2nd Hampstead Under 2200 Congress November 2012"]
[Site "London, England"]
[Date "2012.11.24"]
[Round "2"]
[White "Altman,Joshua"]
[Black "Pein,Jonathan"]
[Result "0-1"]
[WhiteElo "1570"]
[BlackElo "1854"]

1.e4 d6 2.d4 g6 3.Nc3 Bg7 4.Be3 a6 5.Qd2 Nd7 6.f3 b5 7.g4 Bb7 8.a3 e6 9.h4 h6
10.Bg2 Nb6 11.Bf1 Ne7 12.O-O-O Nc6 13.Na2 Qd7 14.Kb1 Ne7 15.h5 g5 16.Bxg5 hxg5
17.Qxg5 Bh6 18.Qf6 Rh7 19.g5 Bg7 20.Qf4 e5 21.dxe5 Bxe5 22.Qe3 Na4 23.c3 Qc6
24.Ne2 Qc5 25.Nd4 Nc6 26.f4 Bh8 27.f5 Qe5 28.Nxc6 Bxc6 29.Bd3 Nc5 30.Rde1
O-O-O 31.Nb4 Bb7 32.h6 Re8 33.g6 fxg6 34.fxg6 Rhe7 35.Qh3+ Kb8 36.g7 Bxg7
37.hxg7 Rxg7 38.Bc2 Nxe4 39.Ka1 Rge7 40.Bxe4 Bxe4 41.Nc6+ Bxc6 42.Rxe5 Rxe5
43.Rc1 Bd5 44.Qf1 Re2 45.Qd1 Bc6 46.Qb3 Kb7 47.c4 R2e3 48.Qb4 R8e4 49.a4 d5
50.b3 dxc4 51.bxc4 a5 52.Qb2 Re2 {#T} 0-1

[Event "2nd Hampstead Under 2200 Congress November 2012"]
[Site "London, England"]
[Date "2012.11.24"]
[Round "2"]
[White "Giles,Yasmin"]
[Black "Oyama,Haronobu"]
[Result "1-0"]
[WhiteElo "1827"]
[BlackElo "1602"]

1.e4 c5 2.Nc3 Nc6 3.f4 g6 4.Nf3 Bg7 5.Bb5 Nd4 6.O-O Nxb5 7.Nxb5 Qb6 8.Nc3 e6
9.Kh1 Ne7 10.d3 O-O 11.Qe1 d5 12.Qg3 f5 13.e5 d4 14.Nb1 Bd7 15.Na3 Nd5 16.Qf2
Bb5 17.Nxb5 Qxb5 18.Qh4 Qd7 19.Qf2 Bh6 20.Qg3 Qg7 21.Bd2 Kf7 22.Rfd1 Rg8
23.Rac1 Ne3 24.Bxe3 dxe3 25.Re1 g5 26.fxg5 Bxg5 27.Nxg5+ Qxg5 28.Qxg5 Rxg5
29.Rxe3 Rag8 30.Re2 f4 31.Rf1 Rf5 32.Re4 Rg4 33.Rf3 Ke7 34.Kg1 Rfg5 35.Re2 Kd7
36.Kf1 Kc6 37.h3 Rh4 38.Re4 Rf5 39.c4 a5 40.a4 b6 41.Kf2 h6 42.Kf1 Kd7 43.g4
Rf7 44.Kg2 h5 45.Rexf4 Rg7 46.Rf7+ Rxf7 47.Rxf7+ Ke8 48.Rf4 hxg4 49.Rxg4 Rh5
50.Re4 Kf7 51.h4 Kg6 52.Kg3 Kf5 53.Rg4 Kxe5 54.Rg5+ Rxg5+ 55.hxg5 Kf5 56.Kh4
Kg6 57.Kg4 Kg7 58.Kh5 Kh7 59.g6+ Kg7 60.Kg5 Kg8 61.Kf6 {#r} 1-0

[Event "2nd Hampstead Under 2200 Congress November 2012"]
[Site "London, England"]
[Date "2012.11.24"]
[Round "2"]
[White "Herschmann,Heinz"]
[Black "Lees,Fraser"]
[Result "0-1"]
[WhiteElo "1410"]
[BlackElo "1825"]

1.e4 g6 2.d4 Bg7 3.Nf3 c6 4.Nc3 d5 5.exd5 cxd5 6.Bd3 Nf6 7.O-O O-O 8.h3 Nc6
9.a3 a6 10.Bf4 b5 11.Na2 Qb6 12.c3 Nh5 13.Be3 f5 14.Nb4 Nxb4 15.axb4 f4 16.Bd2
Bf5 17.Bxf5 Rxf5 18.Re1 Ra7 19.Nh4 Rf7 20.Nf3 h6 21.Ne5 Bxe5 22.Rxe5 f3 23.g3
Kg7 24.Qc1 Qc6 25.Bxh6+ Kh7 26.Qg5 Nxg3 27.Qxg3 Kxh6 28.Qg5+ Kg7 29.Rae1 Qd7
30.Rxd5 Qxh3 31.Re4 e6 32.Rh4 Qxh4 33.Qxh4 exd5 34.Qg3 Rae7 35.Qd6 Re1+ 36.Kh2
Rf1 37.Qe5+ Kh7 38.Qg5 Rxf2+ 39.Kh1 Rf1+ 40.Kh2 f2 41.Qh4+ Kg7 42.Qg3 Rh1+
43.Kxh1 f1=Q+ {#R} 0-1

[Event "2nd Hampstead Under 2200 Congress November 2012"]
[Site "London, England"]
[Date "2012.11.24"]
[Round "2"]
[White "Smith,Daniel"]
[Black "Haridas,Girinath"]
[Result "0-1"]
[WhiteElo "1000"]
[BlackElo "1765"]

1.d4 Nf6 2.Nf3 g6 3.Nc3 d5 4.Bf4 Bg7 5.e3 O-O 6.Bd3 Bg4 7.h3 Bxf3 8.Qxf3 e6
9.Nb5 Na6 10.O-O Ne8 11.c4 c6 12.Nc3 Nb4 13.Be2 Nd6 14.Bxd6 Qxd6 15.c5 Qe7
16.a3 Na6 17.Rac1 e5 18.dxe5 Nxc5 19.Bd1 Nd3 20.Rb1 Nxe5 21.Qe2 Nc4 22.e4 Bxc3
23.exd5 Qxe2 24.Bxe2 Nd2 25.bxc3 Nxf1 26.Bxf1 cxd5 27.Rxb7 Rfb8 28.Rb4 Rxb4
29.cxb4 Rc8 30.b5 Rc1 31.g3 d4 32.Kg2 Ra1 33.Kf3 Rxf1 34.a4 Ra1 35.Ke4 Rxa4
{#R} 0-1

[Event "2nd Hampstead Under 2200 Congress November 2012"]
[Site "London, England"]
[Date "2012.11.24"]
[Round "2"]
[White "Georgiev,Ivan"]
[Black "Anilkumar,Anantha P."]
[Result "1-0"]
[WhiteElo "1764"]
[BlackElo "1561"]

1.e4 c5 2.Nf3 d6 3.d4 cxd4 4.Nxd4 Nf6 5.Nc3 g6 6.Be3 Bg7 7.f3 O-O 8.Qd2 Nc6
9.O-O-O Nxd4 10.Bxd4 Be6 11.Kb1 a6 12.g4 b5 13.g5 Nh5 14.Bxg7 Kxg7 15.Be2 b4
16.Nd5 Bxd5 17.exd5 a5 18.f4 Qd7 19.Bxh5 gxh5 20.Qe2 Kg6 21.Rhf1 a4 22.f5+
Kxg5 23.Qe3+ Kf6 24.Qh6+ Ke5 25.Qg7+ f6 26.Qg3+ Ke4 27.Qf4# {#r} 1-0